Language, Mind and Society: (Record no. 189058)
[ view plain ]
| 000 -LEADER | |
|---|---|
| fixed length control field | 00660nam a2200193 4500 |
| 005 - DATE AND TIME OF LATEST TRANSACTION | |
| control field | 20220610161948.0 |
| 010 ## - LCCN (DPL NO) | |
| LC control number | ENG-133230 |
| 020 ## - INTERNATIONAL STANDARD BOOK NUMBER | |
| International Standard Book Number | 9789354420580 |
| Terms of availability | 1180.00 |
| 035 ## - SYSTEM CONTROL NUMBER | |
| System control number | EN-116762 |
| 037 ## - SOURCE OF ACQUISITION | |
| Source of stock number/acquisition | DBAD/PUB |
| 082 ## - DEWEY DECIMAL CLASSIFICATION NUMBER | |
| Classification number | 192 |
| 245 ## - TITLE STATEMENT | |
| Title | Language, Mind and Society: |
| Remainder of title | A Language and Education Reader/ |
| Statement of responsibility, etc | Edited by Rama Kant Agnihotri and Rajesh Kumar |
| 260 ## - PUBLICATION, DISTRIBUTION, ETC. (IMPRINT) | |
| Place of publication, distribution, etc | Hyderabad |
| Name of publisher, distributor, etc | Orient Blackswan Private Limited |
| Date of publication, distribution, etc | 2022 |
| 270 ## - ADDRESS | |
| Address | 3-6-752 Himayatnagar |
| City | Hyderabad |
| Postal code | 500029 |
| Electronic mail address | centraloffie@orientblackswan.com |
| 300 ## - PHYSICAL DESCRIPTION | |
| Extent | 302p. |
| Dimensions | 21cm(pbk) |
| 700 ## - ADDED ENTRY--PERSONAL NAME | |
| Personal name | Agnihotri, Rama Kant |
| 700 ## - ADDED ENTRY--PERSONAL NAME | |
| Personal name | Kumar, Rajesh |
| 942 ## - ADDED ENTRY ELEMENTS (KOHA) | |
| Source of classification or shelving scheme | Dewey Decimal Classification |
| Item type | English Books |
| Classification part | 192 |
| Call number suffix | LAN |
| Withdrawn status | Lost status | Not for loan | Collection code | Home library | Current library | Date acquired | Source of acquisition | Cost, normal purchase price | Full call number | Barcode | Copy number | Cost, replacement price | Koha item type |
|---|---|---|---|---|---|---|---|---|---|---|---|---|---|
| Not For Loan | Non-fiction | D.B.Act.Division | Mobile Library | 10/06/2022 | DBAD/PUB | 1180.00 | 192 LAN | EN-116762 | 1 | 1180.00 | English Books |
